| 000 | 00397nam a22001457a 4500 | ||
|---|---|---|---|
| 082 |
_a690 _bCHU _cL-39, P-80 |
||
| 100 |
_aChudley, R. _924710 |
||
| 245 |
_aConstruction technology _cChudley, R. |
||
| 250 | _a2nd ed. | ||
| 260 |
_aUK _bLongman scientific & technical _c1974 |
||
| 300 |
_a242 p. _bill. _c25 cm |
||
| 526 |
_a0 _b0 _c0 _d690_000000000000000_CHU |
||
| 650 |
_aMCE _9379 |
||
| 942 |
_2ddc _cBK |
||
| 999 |
_c548650 _d548650 |
||